<?xml version="1.0" encoding="UTF-8"?>
<marc:record xmlns:marc="http://www.loc.gov/MARC21/slim">
   <marc:leader>00000nam a2200000 a 4500</marc:leader>
   <marc:datafield ind1="1" ind2=" " tag="100">
      <marc:subfield code="a">Bertet, Roland</marc:subfield>
      <marc:subfield code="4">aut</marc:subfield>
      <marc:subfield code="e">Verfasser/-in</marc:subfield>
   </marc:datafield>
   <marc:datafield ind1="1" ind2=" " tag="100">
      <marc:subfield code="a">Keller, Gustav</marc:subfield>
      <marc:subfield code="4">aut</marc:subfield>
      <marc:subfield code="e">Verfasser/-in</marc:subfield>
   </marc:datafield>
   <marc:datafield ind1=" " ind2=" " tag="653">
      <marc:subfield code="a">Gewalttätigkeit</marc:subfield>
   </marc:datafield>
   <marc:datafield ind1=" " ind2=" " tag="653">
      <marc:subfield code="a">Prävention</marc:subfield>
   </marc:datafield>
   <marc:datafield ind1=" " ind2=" " tag="653">
      <marc:subfield code="a">Schule</marc:subfield>
   </marc:datafield>
   <marc:datafield ind1="0" ind2="0" tag="245">
      <marc:subfield code="a">Gewaltprävention in der Schule</marc:subfield>
   </marc:datafield>
   <marc:datafield ind1="0" ind2="0" tag="245">
      <marc:subfield code="b">Wege zu prosozialem Verhalten</marc:subfield>
   </marc:datafield>
   <marc:datafield ind1="0" ind2="0" tag="245">
      <marc:subfield code="c">Roland Bertet ; Gustav Keller</marc:subfield>
   </marc:datafield>
   <marc:datafield ind1=" " ind2="1" tag="264">
      <marc:subfield code="a">Bern</marc:subfield>
      <marc:subfield code="b">Huber</marc:subfield>
      <marc:subfield code="c">2011</marc:subfield>
   </marc:datafield>
   <marc:datafield ind1="1" ind2=" " tag="490">
      <marc:subfield code="a">Sachbuch Psychologie</marc:subfield>
   </marc:datafield>
   <marc:datafield ind1=" " ind2=" " tag="250">
      <marc:subfield code="a">1. Aufl.</marc:subfield>
   </marc:datafield>
   <marc:datafield ind1="1" ind2=" " tag="520">
      <marc:subfield code="a">Angaben aus der Verlagsmeldung

Gewaltprävention in der Schule : Wege zu prosozialem Verhalten / von Roland Bertet, Gustav Keller

mmer stärker wird der Alltag an unseren Schulen durch vielfältige Formen der Gewalt geprägt. Längst bestimmen nicht mehr Schulhofprügeleien das Bild, inzwischen kommt es oft zu subtileren Formen der Aggressionen oder die Gewalt findet in virtuellen Räumen statt. Trotzdem sind die Folgen für die betroffenen Schüler und die Institution Schule insgesamt tiefgreifend, manchmal sogar existenziell. Heutzutage ist es für Schulen deshalb unumgänglich, ein praktikables Konzept zur schulischen Gewaltprävention zu installieren.

Roland Bertet und Gustav Keller legen hierfür das Fundament. Sie klären zunächst präzise den Gewaltbegriff, um dann ein umfassendes Grundkonzept der Gewaltprävention zu definieren. Im nächsten Schritt bieten die Autoren einen umfassenden Überblick über konkrete Programme der praktischen Gewaltprävention an allen Schularten. Abschließend schätzen die beiden erfahrenen Pädagogen ein, wie wirksam die dargestellten Maßnahmen und Programme unter wissenschaftlichen Aspekten betrachtet tatsächlich sind.

Ein unentbehrliches Grundlagenwerk für alle, die sich mit Gewaltprävention an Schulen auseinandersetzen!
</marc:subfield>
   </marc:datafield>
   <marc:datafield ind1=" " ind2=" " tag="020">
      <marc:subfield code="a">9783456849997</marc:subfield>
      <marc:subfield code="9">9783456849997</marc:subfield>
   </marc:datafield>
   <marc:datafield ind1=" " ind2=" " tag="041">
      <marc:subfield code="a">ger</marc:subfield>
   </marc:datafield>
   <marc:datafield ind1=" " ind2=" " tag="300">
      <marc:subfield code="a">124 S.</marc:subfield>
   </marc:datafield>
</marc:record>
